书目信息 |
| 题名: |
全国科技图书总览1998
|
|
| 作者: | ;中国出版工作者协会科技出版委员会 编 | |
| 分册: | ||
| 出版信息: | 北京 科学出版社 1999.06 |
|
| 页数: | 1560页 | |
| 开本: | 26cm | |
| 丛书名: | ||
| 单 册: | ||
| 中图分类: | Z88:N | |
| 科图分类: | ||
| 主题词: | 专题目录 , 专科目录 | |
| 电子资源: | ||
| ISBN: | 7-03-007628-1 | |
| 000 | 00738nam0 2200205 450 | |
| 001 | 0659110690 | |
| 005 | 20060404162510.68 | |
| 010 | @a7-03-007628-1@dCNY100.00 | |
| 100 | @a20060404d1999 km y0chiy0120 ea | |
| 101 | 0 | @achi |
| 102 | @aCN@b110000 | |
| 200 | 1 | @a全国科技图书总览1998@Aquan guo ke ji tu shu zong lan 1998@f中国出版工作者协会科技出版委员会编@Fzhong guo chu ban gong zuo zhe xie hui ke ji chu ban wei yuan hui bian |
| 210 | @a北京@c科学出版社@d1999.06 | |
| 215 | @a1560页@d26cm | |
| 606 | 0 | @a专题目录 |
| 606 | 0 | @a专科目录 |
| 690 | @aZ88:N@v3 | |
| 711 | 0 | @a中国出版工作者协会科技出版委员会@Azhong guo chu ban gong zuo zhe xie hui ke ji chu ban wei yuan hui@4编 |
| 801 | 0 | @aCN@bPFT@c20060404 |
| 905 | @a10447@dZ88:N@eZH111 | |
| 全国科技图书总览1998/中国出版工作者协会科技出版委员会编.-北京:科学出版社,1999.06 |
| 1560页;26cm |
| ISBN 7-03-007628-1:CNY100.00 |
| ● |
| 相关链接 |
|
|
|
正题名:全国科技图书总览1998
索取号:Z88:N/ZH111
 
预约/预借
| 序号 | 登录号 | 条形码 | 馆藏地/架位号 | 状态 | 备注 |
| 1 | 67579 | 200675796 | 自科库501/501自科库 133排7列2层/ [索取号:Z88:N/ZH111] | 在馆 |